[Event "9. Lichtenberger Sommer 2010"]
[Site "Berlin"]
[Date "2010.08.11"]
[Round "5.94"]
[White "Koppitz, Sebastian"]
[Black "Heldt, Ronny"]
[Result "1-0"]
[WhiteElo "1059"]
[BlackElo "1611"]
[PlyCount "45"]
[EventDate "2010.??.??"]
[WhiteTeam "TSG Rot-Weiß Fredersdorf/Vogelsd"]
[BlackTeam "SC Kreuzberg e.V."]

1. e4 e6 2. d4 d5 3. e5 c5 4. c3 a6 5. Nf3 Bd7 6. Bd3 cxd4 7. cxd4 Bb5 8. Bxb5+
axb5 9. Qd3 Qb6 10. Nbd2 Nc6 11. a3 Nge7 12. O-O Nf5 13. Nb3 b4 14. a4 Be7 15.
Be3 O-O 16. Rfc1 Ra6 17. Nc5 Bxc5 18. Rxc5 Qc7 19. b3 f6 20. Rac1 fxe5 21. Nxe5
Nxe5 22. Qxa6 Qxc5 23. Qxe6+ 1-0

[Event "9. Lichtenberger Sommer 2010"]
[Site "Berlin"]
[Date "2010.08.11"]
[Round "5.95"]
[White "Bensch, Wolfgang"]
[Black "Bauer, Stefan"]
[Result "1-0"]
[WhiteElo "1694"]
[BlackElo "1684"]
[PlyCount "119"]
[EventDate "2010.??.??"]
[WhiteTeam "SC Eintracht Berlin e.V."]
[BlackTeam "SC Kreuzberg e.V."]

1. e4 c5 2. Nc3 d6 3. Nge2 Nc6 4. d4 cxd4 5. Nxd4 Nf6 6. h3 g6 7. Be3 Bg7 8.
Be2 O-O 9. Qd2 a6 10. a4 Bd7 11. O-O Rc8 12. f4 e5 13. Nxc6 Bxc6 14. Bf3 Qc7
15. fxe5 dxe5 16. Qf2 Nd7 17. a5 Qd8 18. Rfd1 Qe8 19. Na4 f5 20. Qd2 Nf6 21.
Nc3 fxe4 22. Be2 Kh8 23. Bc4 Qe7 24. Bb3 Rcd8 25. Qe2 Nh5 26. Bd5 Nf4 27. Bxf4
Rxf4 28. Bxc6 Qc5+ 29. Kh2 Rxd1 30. Rxd1 Qxc6 31. Nd5 Rf8 32. Qxe4 Qb5 33. b4
Qc6 34. c4 Rf4 35. Qe3 Rd4 36. Rf1 Rxc4 37. Ne7 Qd6 38. Qa7 e4+ 39. Kh1 Bf6 40.
Qa8+ Kg7 41. Qg8+ Kh6 42. Qxc4 Qxe7 43. Re1 e3 44. g3 g5 45. Qb3 Qe4+ 46. Kh2
e2 47. Qa2 Qxb4 48. Rxe2 Kg7 49. Qd5 Qb5 50. Qd2 h6 51. Qa2 h5 52. Qe6 Qxa5 53.
Qd7+ Kg6 54. Qe8+ Kh6 55. Qf8+ Bg7 56. Re6+ Kh7 57. Qe8 h4 58. Qh5+ Kg8 59.
Re8+ Bf8 60. Qg6+ 1-0

[Event "9. Lichtenberger Sommer 2010"]
[Site "Berlin"]
[Date "2010.08.11"]
[Round "5.96"]
[White "Stiemerling, Karl-Heinz"]
[Black "Reichert, Lutz"]
[Result "0-1"]
[WhiteElo "1725"]
[BlackElo "1778"]
[PlyCount "80"]
[EventDate "2010.??.??"]
[WhiteTeam "SG Eckturm"]
[BlackTeam "Schwarz-Weiß Neukölln e.V."]

1. d4 d6 2. c4 e5 3. dxe5 dxe5 4. Qxd8+ Kxd8 5. Bd2 c6 6. e4 Be6 7. Nc3 Nd7 8.
Rd1 Kc7 9. Nf3 f6 10. Be2 Nh6 11. h3 Nf7 12. a3 a5 13. O-O Be7 14. Be3 g5 15.
Nh2 h5 16. f3 Raf8 17. b4 axb4 18. axb4 Bxb4 19. Na2 Be7 20. Rd2 Ra8 21. Rb1
Rhb8 22. Nc1 Ra3 23. Bf2 Ra4 24. Rc2 Bc5 25. Nb3 Bxf2+ 26. Kxf2 Rba8 27. Nd2
Ra2 28. Rcb2 Rxb2 29. Rxb2 Nc5 30. Nhf1 g4 31. hxg4 hxg4 32. Ne3 gxf3 33. gxf3
Ra3 34. Rb1 Nd3+ 35. Kg3 Nf4 36. Kf2 Nh3+ 37. Kg3 Rxe3 38. Bf1 Nf4 39. Nb3 Rc3
40. Na5 Nd6 0-1

[Event "9. Lichtenberger Sommer 2010"]
[Site "Berlin"]
[Date "2010.08.11"]
[Round "5.97"]
[White "Trotzke, Johannes"]
[Black "Hübner, Alan-Ari"]
[Result "0-1"]
[WhiteElo "1234"]
[BlackElo "1558"]
[PlyCount "84"]
[EventDate "2010.??.??"]
[WhiteTeam "KSC Strausberg Abt. Schach"]
[BlackTeam "TuS Makkabi Berlin e.V."]

1. e4 c5 2. Nf3 d6 3. Bb5+ Bd7 4. Bxd7+ Qxd7 5. O-O Nc6 6. Nc3 g6 7. d4 cxd4 8.
Nxd4 Bg7 9. Be3 Nf6 10. Qd2 Ng4 11. Rad1 Nxe3 12. fxe3 Ne5 13. Nf3 Nc4 14. Qc1
Qc6 15. Rd3 O-O 16. b3 Ne5 17. Nd5 Qd7 18. Rd2 e6 19. Nf4 Qc6 20. Nxe5 Bxe5 21.
Nd3 Qxe4 22. Nxe5 Qxe3+ 23. Rdf2 Qxe5 24. Re1 Qc5 25. Qe3 Qxe3 26. Rxe3 d5 27.
Rf4 Rac8 28. Re2 Rfe8 29. Ra4 a6 30. Rb4 b5 31. Rf4 a5 32. Ref2 Re7 33. Rd2 f5
34. Kf2 e5 35. Rf3 e4 36. Rh3 Rc5 37. Ke1 Kg7 38. Kd1 Rd7 39. Ke2 Kf6 40. Rg3
f4 41. Rg4 g5 42. h4 h6 0-1

[Event "9. Lichtenberger Sommer 2010"]
[Site "Berlin"]
[Date "2010.08.11"]
[Round "5.98"]
[White "Heyne, Klaus"]
[Black "Berg, Gerd"]
[Result "0-1"]
[WhiteElo "1479"]
[BlackElo "1677"]
[PlyCount "68"]
[EventDate "2010.??.??"]
[WhiteTeam "SV Berolina Mitte e.V."]
[BlackTeam "SK König Tegel 1949 e.V."]

1. d4 Nf6 2. c4 e6 3. Bg5 Be7 4. Bxf6 Bxf6 5. e3 Nc6 6. a3 b6 7. Nf3 Bb7 8. Be2
Rb8 9. b4 Ne7 10. Nc3 c5 11. O-O O-O 12. Rc1 cxd4 13. exd4 Nf5 14. Bd3 Bxf3 15.
Qxf3 g6 16. Bxf5 exf5 17. Rcd1 Re8 18. Nd5 Re4 19. Nxf6+ Qxf6 20. Qg3 Rbe8 21.
f3 Rxd4 22. Rxd4 Qxd4+ 23. Qf2 Qxc4 24. Re1 Rxe1+ 25. Qxe1 Qd4+ 26. Kh1 Qb2 27.
h3 Qxa3 28. Qe8+ Kg7 29. Qxd7 Qxb4 30. Qxa7 Qa5 31. Qd7 Qa1+ 32. Kh2 Qb2 33. f4
b5 34. Qe7 b4 0-1

[Event "9. Lichtenberger Sommer 2010"]
[Site "Berlin"]
[Date "2010.08.11"]
[Round "5.100"]
[White "Schacht, Thomas"]
[Black "Wierzbicki, Jirawat"]
[Result "1-0"]
[WhiteElo "1699"]
[BlackElo "1419"]
[PlyCount "47"]
[EventDate "2010.??.??"]
[WhiteTeam "BSV 63 Chemie Weißensee"]
[BlackTeam "SG Grün-Weiß Baumschulenweg e.V."]

1. e4 c5 2. Nf3 d6 3. d4 cxd4 4. Nxd4 Nf6 5. Nc3 a6 6. Bg5 e6 7. Be2 Be7 8. Qd2
Qc7 9. O-O Nbd7 10. Kh1 b5 11. f4 Bb7 12. Bf3 Nc5 13. Rae1 Rc8 14. e5 Bxf3 15.
Rxf3 dxe5 16. fxe5 Ng8 17. Qf4 Bd8 18. b4 Nb7 19. Rd1 f6 20. Nxe6 Qe7 21. exf6
gxf6 22. Qe4 Rc4 23. Qe2 Bb6 24. Nd5 1-0

[Event "9. Lichtenberger Sommer 2010"]
[Site "Berlin"]
[Date "2010.08.11"]
[Round "5.101"]
[White "Blasig, Thomas"]
[Black "Jiranek, Benno"]
[Result "1-0"]
[WhiteElo "1109"]
[BlackElo "1399"]
[PlyCount "54"]
[EventDate "2010.??.??"]
[WhiteTeam "SC Kreuzberg e.V."]
[BlackTeam "SC Kreuzberg e.V."]

1. e4 c5 2. Nc3 Nc6 3. g3 g6 4. Bg2 e6 5. f4 d6 6. Nf3 Bg7 7. d3 Nge7 8. Be3 b6
9. Qd2 d5 10. d4 dxe4 11. Nxe4 Bxd4 12. Nxd4 cxd4 13. Bf2 O-O 14. Rd1 e5 15.
fxe5 Bg4 16. Nf6+ Kh8 17. Bxc6 Bxd1 18. Kxd1 Nxc6 19. Qh6 Qxf6 20. exf6 Rg8 21.
Re1 g5 22. Qh5 Rg6 23. Qf3 Rc8 24. Qf5 Rgg8 25. Qd7 Rgf8 26. h4 d3 27. c3 Nd8
1-0

[Event "9. Lichtenberger Sommer 2010"]
[Site "Berlin"]
[Date "2010.08.11"]
[Round "6.1"]
[White "Stern, René"]
[Black "Rabiega, Robert"]
[Result "1/2-1/2"]
[WhiteElo "2490"]
[BlackElo "2508"]
[PlyCount "21"]
[EventDate "2010.??.??"]
[WhiteTeam "SK König Tegel 1949 e.V."]
[BlackTeam "SK König Tegel 1949 e.V."]

1. d4 d5 2. c4 Nc6 3. e3 e5 4. dxe5 d4 5. a3 a5 6. Nf3 Bc5 7. exd4 Bxd4 8. Be2
Nge7 9. O-O O-O 10. Nc3 Bxe5 11. Nxe5 1/2-1/2

[Event "9. Lichtenberger Sommer 2010"]
[Site "Berlin"]
[Date "2010.08.11"]
[Round "6.2"]
[White "Richter, Michael"]
[Black "Postler, Reinhard"]
[Result "1-0"]
[WhiteElo "2428"]
[BlackElo "2327"]
[PlyCount "77"]
[EventDate "2010.??.??"]
[WhiteTeam "Schachpinguine Berlin e.V."]
[BlackTeam "TSG Oberschöneweide e.V."]

1. d4 d5 2. c4 c6 3. Nf3 Nf6 4. Nc3 e6 5. Bg5 Be7 6. e3 Nbd7 7. Qc2 O-O 8. Bd3
dxc4 9. Bxc4 Nd5 10. Bxe7 Qxe7 11. O-O Nxc3 12. Qxc3 c5 13. Rfd1 Nb6 14. Bb5
Bd7 15. Qxc5 Qxc5 16. dxc5 Bxb5 17. cxb6 axb6 18. a3 Rfd8 19. Rd4 Rxd4 20. Nxd4
Bd7 21. Rc1 Kf8 22. Kf1 Ke7 23. Ke1 e5 24. Nf3 f6 25. Nd2 Bc6 26. f3 g5 27. e4
h5 28. Nc4 Rg8 29. Kf2 g4 30. Nxb6 gxf3 31. gxf3 f5 32. Nc4 fxe4 33. Nxe5 Bd5
34. fxe4 Bxe4 35. Re1 Bd5 36. Ng6+ Kd6 37. Nf4 Rf8 38. Ke3 Bc6 39. Rd1+ 1-0

[Event "9. Lichtenberger Sommer 2010"]
[Site "Berlin"]
[Date "2010.08.11"]
[Round "6.3"]
[White "Figura, Atila Gajo"]
[Black "Niehaus, Frank"]
[Result "1/2-1/2"]
[WhiteElo "2403"]
[BlackElo "2201"]
[PlyCount "39"]
[EventDate "2010.??.??"]
[WhiteTeam "SC Kreuzberg e.V."]
[BlackTeam "SK König Tegel 1949 e.V."]

1. d4 Nf6 2. c4 g6 3. Nc3 Bg7 4. Nf3 O-O 5. Bg5 d6 6. e3 h6 7. Bh4 c5 8. Be2
Bf5 9. Nd2 cxd4 10. exd4 Nc6 11. Nb3 a5 12. d5 Nb4 13. Nd4 Ne4 14. Ncb5 Bd7 15.
Qb1 f5 16. f3 Qb6 17. a3 Bxd4 18. Nxd4 Qxd4 19. fxe4 Na6 20. Bf2 1/2-1/2

[Event "9. Lichtenberger Sommer 2010"]
[Site "Berlin"]
[Date "2010.08.11"]
[Round "6.4"]
[White "Simon, Ralf-Axel"]
[Black "Braun, Arik"]
[Result "0-1"]
[WhiteElo "2206"]
[BlackElo "2527"]
[PlyCount "92"]
[EventDate "2010.??.??"]
[WhiteTeam "TSG Neuruppin"]
[BlackTeam "SC Eppingen"]

1. d4 Nf6 2. e3 d5 3. Nf3 Bg4 4. c4 c6 5. cxd5 Bxf3 6. Qxf3 cxd5 7. Nc3 e6 8.
g3 Nc6 9. Bg2 Bb4 10. Bd2 O-O 11. O-O Na5 12. Rfb1 Nc4 13. Be1 Rc8 14. Qe2 Qe7
15. a3 Ba5 16. Rc1 Rc6 17. e4 Qd8 18. b3 Bxc3 19. Rxc3 Na5 20. e5 Nd7 21. Rxc6
Nxc6 22. Qe3 Qb6 23. Rd1 Rc8 24. Bf1 Ndb8 25. b4 Ne7 26. Bd3 a6 27. Bb1 Nd7 28.
Qd3 g6 29. a4 Qc7 30. b5 axb5 31. Qxb5 Nc6 32. Rc1 Qb8 33. Qb2 Kg7 34. Bc3 Qa7
35. Bc2 Nb6 36. Qa1 Ra8 37. Qb1 Nxa4 38. Bxa4 Qxa4 39. Qxb7 Rb8 40. Qc7 Rb3 41.
Bd2 Nxd4 42. Kg2 Nf3 43. Bh6+ Kxh6 44. Qxf7 Qe4 45. Qf8+ Kh5 46. Rc7 Nh4+ 0-1

[Event "9. Lichtenberger Sommer 2010"]
[Site "Berlin"]
[Date "2010.08.11"]
[Round "6.5"]
[White "Köpke, Christian"]
[Black "Glantz, Robert"]
[Result "0-1"]
[WhiteElo "2381"]
[BlackElo "2207"]
[PlyCount "88"]
[EventDate "2010.??.??"]
[WhiteTeam "SC Tarrasch 45 München"]
[BlackTeam "Sfrd. Berlin 1903 e.V."]

1. e4 c5 2. Nf3 d6 3. d4 cxd4 4. Nxd4 Nf6 5. Nc3 a6 6. Be3 e6 7. f3 b5 8. Qd2
Nbd7 9. O-O-O Bb7 10. g4 Nb6 11. Bd3 Rc8 12. g5 Nfd7 13. Kb1 Ne5 14. Qe1 b4 15.
Nce2 d5 16. Ng3 Nec4 17. Bc1 Be7 18. Nh5 Kf8 19. h4 Qc7 20. Ng3 Bc5 21. Nb3 Bd6
22. f4 a5 23. e5 Bc5 24. Nxc5 Qxc5 25. f5 Na4 26. Rf1 Ke7 27. g6 hxg6 28. fxe6
fxe6 29. Bxg6 Rhf8 30. Rxf8 Rxf8 31. Ne4 dxe4 32. Bg5+ Rf6 33. exf6+ gxf6 34.
Bc1 Na3+ 35. bxa3 Nc3+ 36. Kb2 bxa3+ 37. Ka1 Qb4 38. Qxc3 Qxc3+ 39. Kb1 Qb4+
40. Ka1 Qc3+ 41. Kb1 Bd5 42. Bh5 Qb4+ 43. Ka1 Qc4 44. Bxa3+ Kd7 0-1

[Event "9. Lichtenberger Sommer 2010"]
[Site "Berlin"]
[Date "2010.08.11"]
[Round "6.6"]
[White "Kurz, Christian"]
[Black "Muse, Drazen"]
[Result "0-1"]
[WhiteElo "2133"]
[BlackElo "2378"]
[PlyCount "106"]
[EventDate "2010.??.??"]
[WhiteTeam "SC Bechhofen 1923 e.V."]
[BlackTeam "SK König Tegel 1949 e.V."]

1. e4 c6 2. d4 d5 3. Nc3 dxe4 4. Nxe4 Bf5 5. Ng3 Bg6 6. h4 h6 7. Nf3 Nd7 8. h5
Bh7 9. Bd3 Bxd3 10. Qxd3 Ngf6 11. Bf4 Qa5+ 12. Bd2 Qc7 13. Ne4 e6 14. g3 Nxe4
15. Qxe4 Bd6 16. O-O-O O-O-O 17. c4 c5 18. Bc3 Rhe8 19. Qe2 Nf6 20. Kb1 cxd4
21. Nxd4 Qb6 22. Nb5 Be7 23. Bd4 Bc5 24. Be5 a6 25. Nc3 Qc6 26. g4 Be7 27. f3
Rxd1+ 28. Rxd1 Rd8 29. Rxd8+ Bxd8 30. Qd3 Ne8 31. Ne4 Be7 32. Qd4 f6 33. Bg3 f5
34. Nd2 Bf6 35. Be5 Qd7 36. Qc5+ Kd8 37. Kc2 Bxe5 38. Qxe5 Qd6 39. Qe3 Nf6 40.
g5 Nxh5 41. gxh6 gxh6 42. Qxh6 Nf4 43. Qh8+ Kd7 44. Qc3 e5 45. Qe3 Ke6 46. Nb3
Kf6 47. Nc5 Qc6 48. b3 b5 49. Nd3 Nxd3 50. Qxd3 b4 51. Qe3 f4 52. Qe4 Qxe4+ 53.
fxe4 Ke6 0-1

[Event "9. Lichtenberger Sommer 2010"]
[Site "Berlin"]
[Date "2010.08.11"]
[Round "6.7"]
[White "Brüdigam, Martin"]
[Black "Kapp, Martin"]
[Result "1/2-1/2"]
[WhiteElo "2318"]
[BlackElo "2171"]
[PlyCount "77"]
[EventDate "2010.??.??"]
[WhiteTeam "Sfrd. Berlin 1903 e.V."]
[BlackTeam "TSV IFA Chemnitz"]

1. e4 e6 2. d4 d5 3. Nc3 Bb4 4. exd5 exd5 5. Bd3 Ne7 6. Bg5 Nbc6 7. a3 Ba5 8.
Nge2 f6 9. Be3 Nf5 10. O-O O-O 11. Ng3 Nce7 12. Nce2 Nxe3 13. fxe3 Bg4 14. h3
Bxe2 15. Qxe2 Qd6 16. Qg4 c6 17. Nh5 g6 18. Nf4 f5 19. Qh4 Rae8 20. Rf3 Nc8 21.
Raf1 Qe7 22. Qxe7 Rxe7 23. g4 fxg4 24. hxg4 Rfe8 25. Kf2 Nd6 26. Ke2 Ne4 27.
Bxe4 Rxe4 28. Kd3 Bc7 29. Rh3 Rf8 30. Rhf3 Bxf4 31. exf4 g5 32. fxg5 Rxf3+ 33.
Rxf3 Rxg4 34. Rf5 Kg7 35. Re5 Kf7 36. a4 a5 37. b3 Rg3+ 38. Kd2 Rg2+ 39. Kd3
1/2-1/2

[Event "9. Lichtenberger Sommer 2010"]
[Site "Berlin"]
[Date "2010.08.11"]
[Round "6.8"]
[White "Dauth, Benjamin"]
[Black "Schleich, Theodor"]
[Result "1-0"]
[WhiteElo "2291"]
[BlackElo "2128"]
[PlyCount "55"]
[EventDate "2010.??.??"]
[WhiteTeam "SC Rotation Pankow e.V."]
[BlackTeam "FC Bayern München e.V."]

1. e4 e6 2. d4 c5 3. c3 Nf6 4. e5 Nd5 5. f4 cxd4 6. cxd4 Bb4+ 7. Kf2 O-O 8. Nf3
Nc6 9. Bd3 Qb6 10. Nc3 Nxc3 11. bxc3 Bxc3 12. Bxh7+ Kh8 13. Rb1 Bxd4+ 14. Kg3
Bf2+ 15. Kh3 Qc5 16. Bd3 Be3 17. Qe1 Bf2 18. Qe2 a6 19. Ng5 g6 20. Ne4 Qd4 21.
Nxf2 b5 22. Be3 Qa4 23. Ne4 Kg7 24. Kg3 Nd4 25. Bxd4 Qxd4 26. Rhd1 Bb7 27. Qf2
Qa4 28. Nc5 1-0

[Event "9. Lichtenberger Sommer 2010"]
[Site "Berlin"]
[Date "2010.08.11"]
[Round "6.9"]
[White "Rohde, Wolfgang"]
[Black "Petersen, Soren Boeck"]
[Result "0-1"]
[WhiteElo "2166"]
[BlackElo "2262"]
[PlyCount "44"]
[EventDate "2010.??.??"]
[WhiteTeam "SC Friesen Lichtenberg e.V."]
[BlackTeam "Damhus Skakklub"]

1. c4 e5 2. Nc3 Nf6 3. g3 Bb4 4. Bg2 O-O 5. Nd5 Nxd5 6. cxd5 d6 7. Nf3 c6 8.
dxc6 Nxc6 9. O-O Bc5 10. d3 d5 11. b3 Qe7 12. Bb2 Bg4 13. Rc1 Rfd8 14. d4 exd4
15. Nxd4 Bxd4 16. Bxd4 Bxe2 17. Bc5 Qe6 18. Qd2 Bxf1 19. Rxf1 d4 20. Re1 Qf5
21. Ba3 Re8 22. Rd1 Rad8 0-1

[Event "9. Lichtenberger Sommer 2010"]
[Site "Berlin"]
[Date "2010.08.11"]
[Round "6.10"]
[White "Major, Vitalij"]
[Black "Brustkern, Jürgen"]
[Result "0-1"]
[WhiteElo "2071"]
[BlackElo "2266"]
[PlyCount "90"]
[EventDate "2010.??.??"]
[WhiteTeam "SC Zitadelle Spandau 1977 e.V."]
[BlackTeam "SK Zehlendorf e.V."]

1. Nf3 d5 2. d4 Nc6 3. Bf4 Bg4 4. Nbd2 e6 5. c3 Bd6 6. Bg3 f5 7. e3 Nge7 8. c4
O-O 9. c5 Bxg3 10. hxg3 e5 11. Be2 exd4 12. Nxd4 Nxd4 13. exd4 Bxe2 14. Qxe2
Nc6 15. Qe6+ Rf7 16. Nf3 Qe8 17. Qxe8+ Rxe8+ 18. Kd2 Re4 19. Kd3 Rfe7 20. Rhe1
g5 21. Kc3 g4 22. Rxe4 Rxe4 23. Nd2 Re6 24. a3 f4 25. Kd3 Rf6 26. Rf1 a5 27.
Kc3 a4 28. f3 Re6 29. gxf4 Re3+ 30. Kc2 Nxd4+ 31. Kd1 g3 32. Re1 Rd3 33. Kc1
Kf7 34. Re5 c6 35. Rh5 Kg6 36. Rg5+ Kf6 37. Rh5 Kg7 38. Re5 Kf6 39. Nf1 Rxf3
40. Ne3 Rxf4 41. Rh5 Nb3+ 42. Kc2 d4 43. Nd1 Kg6 44. Re5 Rf5 45. Re6+ Kf7 0-1

[Event "9. Lichtenberger Sommer 2010"]
[Site "Berlin"]
[Date "2010.08.11"]
[Round "6.11"]
[White "Fischer, Daniel"]
[Black "Rietze, Clemens"]
[Result "1/2-1/2"]
[WhiteElo "2089"]
[BlackElo "2231"]
[PlyCount "84"]
[EventDate "2010.??.??"]
[WhiteTeam "SK Oberkirch"]
[BlackTeam "USV Potsdam e.V., Abt. Schach"]

1. c4 c5 2. g3 g6 3. Bg2 Bg7 4. Nc3 Nc6 5. Nf3 e5 6. d3 d6 7. Nd2 f5 8. Nf1 h6
9. Ne3 Nf6 10. O-O O-O 11. Rb1 Be6 12. Ned5 Qd7 13. b4 Rac8 14. Bd2 g5 15. Qa4
b6 16. Nxf6+ Rxf6 17. Bd5 Kh8 18. Bxe6 Rxe6 19. Nd5 Qf7 20. Qd1 f4 21. bxc5
dxc5 22. Kg2 h5 23. e3 Bh6 24. Bc3 Kh7 25. g4 Rf8 26. f3 fxe3 27. Nxe3 Ne7 28.
Qe2 Ng6 29. Nd5 Nf4+ 30. Nxf4 exf4 31. Qc2 hxg4 32. d4+ Kg8 33. d5 gxf3+ 34.
Rxf3 Rg6 35. h3 Bg7 36. Rg1 Bxc3 37. Qxc3 Re8 38. Qd3 Qg7 39. Kh1 Kh8 40. Rxf4
gxf4 41. Rxg6 Re1+ 42. Kh2 Re2+ 1/2-1/2

[Event "9. Lichtenberger Sommer 2010"]
[Site "Berlin"]
[Date "2010.08.11"]
[Round "6.12"]
[White "Friedrich, Wiede"]
[Black "Sabrowski, Uwe"]
[Result "0-1"]
[WhiteElo "2183"]
[BlackElo "2080"]
[PlyCount "75"]
[EventDate "2010.??.??"]
[WhiteTeam "USV Potsdam e.V., Abt. Schach"]
[BlackTeam "SC Friesen Lichtenberg e.V."]

1. e4 c5 2. Nf3 Nc6 3. d4 cxd4 4. Nxd4 Nf6 5. Nc3 e5 6. Ndb5 d6 7. Bg5 a6 8.
Na3 b5 9. Nd5 Be7 10. Bxf6 Bxf6 11. c3 O-O 12. Nc2 Rb8 13. h4 Be6 14. Nce3 a5
15. g3 Qd7 16. Nxf6+ gxf6 17. Qf3 Qe7 18. Nd5 Bxd5 19. exd5 Nd8 20. Qe4 Kg7 21.
Bd3 Rh8 22. O-O b4 23. Rfc1 bxc3 24. Rxc3 Nb7 25. Qg4+ Kh6 26. a3 Nc5 27. Bc2
Qb7 28. Rf3 Rhg8 29. Rxf6+ Rg6 30. Bxg6 hxg6 31. b4 axb4 32. axb4 Kg7 33. Rxd6
Nb3 34. Raa6 Nd4 35. Rxg6+ Kf8 36. Rg8+ Ke7 37. Qg5+ Kd7 38. Qg4+ 0-1

[Event "9. Lichtenberger Sommer 2010"]
[Site "Berlin"]
[Date "2010.08.11"]
[Round "6.13"]
[White "Schwarz, Oliver"]
[Black "Kohler, Thomas"]
[Result "1/2-1/2"]
[WhiteElo "2114"]
[BlackElo "2246"]
[PlyCount "52"]
[EventDate "2010.??.??"]
[WhiteTeam "SV Bad Schwartau von 1930"]
[BlackTeam "SC Zitadelle Spandau 1977 e.V."]

1. d4 Nf6 2. c4 g6 3. Nc3 Bg7 4. e4 d6 5. f3 O-O 6. Be3 c5 7. Nge2 Nc6 8. d5
Ne5 9. Ng3 e6 10. dxe6 Bxe6 11. b3 h5 12. Qd2 Qa5 13. Rd1 a6 14. h3 Nc6 15.
Nge2 b5 16. Nd5 Qxd2+ 17. Rxd2 bxc4 18. bxc4 Bxd5 19. exd5 Na5 20. Rc2 Rab8 21.
Bd2 Rb1+ 22. Rc1 Rxc1+ 23. Nxc1 Re8+ 24. Kd1 Nb7 25. Bd3 Nd7 26. Re1 Rxe1+
1/2-1/2

[Event "9. Lichtenberger Sommer 2010"]
[Site "Berlin"]
[Date "2010.08.11"]
[Round "6.14"]
[White "Nötzel, Felix"]
[Black "Reichenbach, Werner"]
[Result "1/2-1/2"]
[WhiteElo "1966"]
[BlackElo "2269"]
[PlyCount "189"]
[EventDate "2010.??.??"]
[WhiteTeam "SC Borussia Friedrichsfelde 1920"]
[BlackTeam "SK Zehlendorf e.V."]

1. e4 g6 2. d4 Bg7 3. Nc3 d6 4. f4 Nf6 5. Nf3 c5 6. dxc5 Qa5 7. e5 dxe5 8. fxe5
Nfd7 9. Qd5 Nc6 10. Bb5 O-O 11. Bxc6 bxc6 12. Qxc6 Rb8 13. O-O Nxc5 14. Be3 Ne6
15. Nd5 Bb7 16. Nxe7+ Kh8 17. Bd2 Qd8 18. Qd6 Re8 19. Ng5 Rxe7 20. Nxf7+ Rxf7
21. Rxf7 Qb6+ 22. Kh1 Qxd6 23. exd6 Kg8 24. Re7 Nf8 25. Rf1 Bc6 26. b3 Rd8 27.
Bb4 Nd7 28. c4 Bf8 29. Re6 Rb8 30. Ba3 a5 31. Kg1 Bg7 32. Rfe1 Nf8 33. Re7 Bd7
34. Rf1 Bd4+ 35. Kh1 h5 36. Rd1 Bf6 37. Re3 Rc8 38. Rf1 Bf5 39. h3 h4 40. Rfe1
Kf7 41. R3e2 Ne6 42. Bb2 Bg5 43. Re5 Bf6 44. R5e2 Bg5 45. Bc3 a4 46. Ba5 Ra8
47. Bb6 axb3 48. axb3 Ra3 49. b4 Rb3 50. Ba5 Rc3 51. c5 Nf4 52. Ra2 Be6 53. Rf2
Bf5 54. Ra1 Nh5 55. d7 Ng3+ 56. Kh2 Rd3 57. c6 Bf6 58. Re1 Bxd7 59. cxd7 Rxd7
60. b5 Nf5 61. b6 Rd5 62. Ra2 Rb5 63. Rc1 Be5+ 64. Kh1 Ng3+ 65. Kg1 Bd4+ 66.
Kh2 Bxb6 67. Bxb6 Rxb6 68. Rf2+ Nf5 69. Kg1 Rb4 70. Kf1 Kf6 71. Ke1 Kg5 72. Kd2
Rb2+ 73. Rc2 Rb1 74. Kd3 Rd1+ 75. Ke4 Re1+ 76. Kd3 Rd1+ 77. Rcd2 Ra1 78. Ke4
Re1+ 79. Kd5 Ra1 80. Ra2 Rd1+ 81. Kc5 Rc1+ 82. Rac2 Ra1 83. Rc4 Ra5+ 84. Kb6
Re5 85. Rg4+ Kh5 86. Ra2 Re6+ 87. Kc7 Kh6 88. Ra5 Kh7 89. Kd7 Re7+ 90. Kd8 Re6
91. Ra7+ Kh6 92. Rf7 Ra6 93. Kd7 Ra7+ 94. Ke6 Ra6+ 95. Ke5 1/2-1/2

[Event "9. Lichtenberger Sommer 2010"]
[Site "Berlin"]
[Date "2010.08.11"]
[Round "6.15"]
[White "Schmid, Thomas"]
[Black "Jachym, Adam"]
[Result "1-0"]
[WhiteElo "2268"]
[BlackElo "1835"]
[PlyCount "59"]
[EventDate "2010.??.??"]
[WhiteTeam "Lübecker SV von 1873"]
[BlackTeam "OKSZ Spolem Opole"]

1. Nc3 d5 2. e4 dxe4 3. Nxe4 Nf6 4. Nxf6+ exf6 5. Bc4 Nc6 6. d3 Bd6 7. Ne2 Bg4
8. f3 Be6 9. Bb5 O-O 10. Bxc6 bxc6 11. O-O Re8 12. Kh1 Rb8 13. b3 Rb4 14. d4
Rb5 15. Bf4 Bxf4 16. Nxf4 Qd6 17. Qd2 Rf5 18. Ne2 Bc8 19. Rae1 Rfe5 20. Ng3 Ba6
21. c4 Rd8 22. Rxe5 Qxe5 23. Re1 Qg5 24. Qxg5 fxg5 25. Re7 c5 26. d5 c6 27. d6
Kf8 28. Rxa7 Bc8 29. Ra8 Ke8 30. Ne4 1-0

[Event "9. Lichtenberger Sommer 2010"]
[Site "Berlin"]
[Date "2010.08.11"]
[Round "6.16"]
[White "von Löhneysen, Leonard"]
[Black "Von Herman, Ulf"]
[Result "0-1"]
[WhiteElo "2054"]
[BlackElo "2400"]
[PlyCount "78"]
[EventDate "2010.??.??"]
[WhiteTeam "SK Zehlendorf e.V."]
[BlackTeam "SK König Tegel 1949 e.V."]

1. c4 c5 2. g3 g6 3. Bg2 Nc6 4. Nc3 Bg7 5. a3 a5 6. Nf3 e5 7. d4 cxd4 8. Nb5 d6
9. e3 Bg4 10. h3 Bxf3 11. Qxf3 Nge7 12. exd4 exd4 13. O-O O-O 14. Bg5 Rb8 15.
Qd1 Qd7 16. Bxe7 Qxe7 17. Re1 Qd7 18. Kh2 h5 19. h4 Ne5 20. Bh3 Qc6 21. Bg2
Qxc4 22. Nxd6 Qc5 23. Ne4 Qb5 24. b3 Rfd8 25. Rc1 d3 26. a4 Qb6 27. Rf1 Rd4 28.
Nd2 Qb4 29. Nf3 Ng4+ 30. Kg1 Rd6 31. Rc4 Qb6 32. Bh3 Nf6 33. Rc3 Rbd8 34. Ng5
Bh6 35. Re1 d2 36. Re2 Bxg5 37. hxg5 Nh7 38. Re5 Qd4 39. Rec5 Nxg5 0-1

[Event "9. Lichtenberger Sommer 2010"]
[Site "Berlin"]
[Date "2010.08.11"]
[Round "6.17"]
[White "Plump, Detlef"]
[Black "Kapr, Klaus"]
[Result "1-0"]
[WhiteElo "2258"]
[BlackElo "2046"]
[PlyCount "117"]
[EventDate "2010.??.??"]
[WhiteTeam "Chessclub York"]
[BlackTeam "SC Friesen Lichtenberg e.V."]

1. e4 d5 2. exd5 Qxd5 3. Nc3 Qa5 4. d4 Nf6 5. Nf3 Bf5 6. Ne5 c6 7. Nc4 Qd8 8.
g3 e6 9. Bg2 Be7 10. O-O O-O 11. a3 Na6 12. b4 Nc7 13. Bb2 Ncd5 14. Re1 Re8 15.
Ne2 Qc7 16. Na5 Rad8 17. c4 Nb6 18. Qb3 Be4 19. f3 Bg6 20. Nf4 Nbd7 21. Nxg6
hxg6 22. f4 a6 23. Kh1 Nb8 24. Qf3 Rd6 25. d5 cxd5 26. Be5 b6 27. Rac1 bxa5 28.
c5 Qd7 29. cxd6 Bxd6 30. Bxd6 Qxd6 31. bxa5 Nbd7 32. Qc3 Rb8 33. Rb1 Rxb1 34.
Rxb1 Nc5 35. Rb6 Qe7 36. Qb4 Nfd7 37. Rxa6 Qf6 38. Ra8+ Kh7 39. h3 Nd3 40. Qb5
Qa1+ 41. Kh2 Ne1 42. Qe2 Nc5 43. Rc8 Ncd3 44. Qd2 Qd4 45. a6 Qb6 46. Rc3 Qxa6
47. Rxd3 Qxd3 48. Qxe1 Qxa3 49. h4 Qb2 50. Qe5 Qxe5 51. fxe5 g5 52. hxg5 Kg6
53. Bh3 Kxg5 54. Kg2 f5 55. Kf3 Kh6 56. Ke3 Kg5 57. Kd4 g6 58. Kc5 Kh5 59. Kd6
1-0

[Event "9. Lichtenberger Sommer 2010"]
[Site "Berlin"]
[Date "2010.08.11"]
[Round "6.18"]
[White "Höckendorf, Hartmut"]
[Black "Guenther, Thomas"]
[Result "1/2-1/2"]
[WhiteElo "2232"]
[BlackElo "2096"]
[PlyCount "58"]
[EventDate "2010.??.??"]
[WhiteTeam "BSG Pneumant Fürstenwalde e.V."]
[BlackTeam "SV Senat"]

1. e4 c5 2. Nf3 Nc6 3. Bb5 e6 4. Bxc6 dxc6 5. O-O Nf6 6. d3 Be7 7. Nbd2 O-O 8.
Qe2 Qc7 9. Nb3 e5 10. Be3 b6 11. Nfd2 Ng4 12. h3 Nxe3 13. Qxe3 Be6 14. a4 h6
15. a5 Bg5 16. axb6 axb6 17. Qe2 Rfd8 18. Nc4 b5 19. Ne3 Qb6 20. Rxa8 Rxa8 21.
Nd2 Ra2 22. Rb1 Qa5 23. Qe1 Qb4 24. Nf3 Bxe3 25. Qxe3 Rxb2 26. Rxb2 Qxb2 27.
Qxc5 Qc1+ 28. Kh2 Qf4+ 29. Kg1 Qc1+ 1/2-1/2